Tiến tới xác lập vốn từ vựng văn hoá Việt : Nghiên cứu ngôn ngữ và văn hoá
Αποθηκεύτηκε σε:
| Κύριος συγγραφέας: | |
|---|---|
| Μορφή: | Βιβλίο |
| Έκδοση: |
Khoa học Xã hội
2004
|
| Ετικέτες: |
Προσθήκη ετικέτας
Δεν υπάρχουν, Καταχωρήστε ετικέτα πρώτοι!
|
| Thư viện lưu trữ: | Mạng thư viện Đại học Đà Nẵng |
|---|
| LEADER | 00634nam a2200229 a 4500 | ||
|---|---|---|---|
| 001 | 000029111 | ||
| 003 | 19480 | ||
| 005 | 20171030145630.0 | ||
| 008 | 171030s2004 | ||
| 020 | |c 36000 | ||
| 040 | |a LTT | ||
| 082 | 0 | |a 306.44 |b NG-C | |
| 100 | 1 | |a Nguyễn Văn Chiến | |
| 245 | 0 | 0 | |a Tiến tới xác lập vốn từ vựng văn hoá Việt : Nghiên cứu ngôn ngữ và văn hoá |c Nguyễn Văn Chiến. |
| 260 | |b Khoa học Xã hội |c 2004 | ||
| OWN | |a LTT | ||
| 999 | |a From the UDN01 | ||
| TYP | |a Monograph | ||
| TYP | |a Printed language | ||
| 980 | |a Mạng thư viện Đại học Đà Nẵng | ||